00388nam a2200133Ia 4500008004100000100001800041245001400059260000900073300002700082440002400109650003000133999001900163952007200182180117s9999 xx 000 0 und d aby Zac Sarian aAgri-Talk c2017 a25 pages, 2017 April 9 aPhilippine Panorama aFERTILIZER OUT OF SEAWEED c353603d353603 001040aCLbCLd2018-01-17l0r2018-01-17 00:00:00w2018-01-17ySE